Bytový dom

Gespeichert in:
Bibliographische Detailangaben
1. Verfasser: Srogončík, Dominik (Verfasst von)
Weitere Verfasser: Bosák, Lukáš (Betreuung Doktorarbeit)
Format: Manuskript Buch
Sprache:Slowakisch
Veröffentlicht: 2025
Schlagworte:
Online-Zugang:http://is.stuba.sk/zp/portal_zp.pl?podrobnosti=167467
CRZP
Tags: Tag hinzufügen
Keine Tags, Fügen Sie das erste Tag hinzu!

MARC

LEADER 00000ntm a22000003a 4500
001 stuzp104511
003 SK-STU
005 20250728143146.0
007 ta
008 150427s2015----xo-----f-mn---000-0-slo-d
040 |a STU  |b slo 
041 0 |a slo 
100 1 |a Srogončík, Dominik  |u 010180  |4 aut  |U SvF Stavebná fakulta  |T SvF Katedra konštrukcií pozemných stavieb  |X 114849  |U V180  |Y 18  |7 114849 
242 0 1 |a Residential building  |y eng 
245 1 0 |a Bytový dom 
260 |c 2025 
650 4 |a bytový dom  |2 slo 
650 4 |a novostavba  |2 slo 
650 4 |a prevetrávaná fasáda  |2 slo 
650 4 |a bachelor thesis  |2 eng 
650 4 |a residential building  |2 eng 
650 4 |a ventilated facade  |2 eng 
700 1 |a Bosák, Lukáš  |u 010180  |k Z1  |4 ths  |U SvF Stavebná fakulta  |T SvF Katedra konštrukcií pozemných stavieb  |X 57762  |U V180  |Y 18  |7 A000057762 
856 4 |u http://is.stuba.sk/zp/portal_zp.pl?podrobnosti=167467 
856 4 |u https://opac.crzp.sk/?fn=detailBiblioForm&sid=12BF14ADF430A4F4B5F353B4236B  |z CRZP